[Event "NATO-ch 22nd"]
[Site "Kaunas"]
[Date "2011.08.09"]
[Round "3.9"]
[White "Tucker, David Sidney"]
[Black "Malloni, Marcello"]
[Result "0-1"]
[WhiteElo "2096"]
[BlackElo "2293"]
[PlyCount "120"]
[EventDate "2011.08.??"]
[EventType "swiss"]
[EventRounds "7"]
[EventCountry "LTU"]
[WhiteTeam "ENG"]
[BlackTeam "ITA"]

1. e4 e5 2. Nf3 Nc6 3. Bb5 Nf6 4. O-O Nxe4 5. Re1 Nd6 6. Nxe5 Be7 7. Bd3 Nxe5
8. Rxe5 O-O 9. Nc3 Ne8 10. b3 Bf6 11. Re1 c6 12. Ba3 d6 13. Rb1 Be6 14. Ne4 Be7
15. Ng3 d5 16. Bxe7 Qxe7 17. a4 a5 18. c4 Nf6 19. cxd5 Nxd5 20. Bf5 Nc7 21. Qg4
g6 22. b4 axb4 23. Bxe6 Nxe6 24. Rxb4 Rfd8 25. Nf1 Ra5 26. Reb1 Rd7 27. Qg3
Rad5 28. Qb8+ Nd8 29. Qg3 Rd3 30. Qf4 Kg7 31. h3 R3d5 32. Qf3 Ne6 33. Qg3 Kg8
34. Qb8+ Nd8 35. Qg3 Rd3 36. Qf4 Kg7 37. Qb8 Qf6 38. Qf4 Qxf4 39. Rxf4 R7d4 40.
Rxd4 Rxd4 41. Ra1 Ne6 42. a5 Nc5 43. f3 Kf6 44. Kf2 Ke5 45. Ra3 Kd6 46. Ke3 Rb4
47. Ng3 Rb3+ 48. Rxb3 Nxb3 49. Ne4+ Ke7 50. a6 bxa6 51. Kd3 f5 52. Nf2 Kd6 53.
Kc3 Nc5 54. Kc4 a5 55. g4 Nd7 56. f4 Nb6+ 57. Kd4 c5+ 58. Ke3 Nd5+ 59. Kf3 a4
60. Nd3 a3 0-1

[Event "NATO-ch 22nd"]
[Site "Kaunas"]
[Date "2011.08.09"]
[Round "3.10"]
[White "Kedzierski, Slawomir"]
[Black "Giua, Frederic"]
[Result "1-0"]
[WhiteElo "2082"]
[BlackElo "2235"]
[PlyCount "49"]
[EventDate "2011.08.??"]
[EventType "swiss"]
[EventRounds "7"]
[EventCountry "LTU"]
[WhiteTeam "POL"]
[BlackTeam "FRA"]

1. d4 d5 2. Nf3 e6 3. c4 c6 4. Nc3 dxc4 5. a4 Bb4 6. g3 Nf6 7. Qc2 O-O 8. Bg2
c5 9. dxc5 Qa5 10. O-O Qxc5 11. Na2 c3 12. Nxb4 Qxb4 13. b3 Qa5 14. Ba3 Re8 15.
Rfc1 Nc6 16. Qxc3 Qh5 17. b4 e5 18. b5 Ne7 19. Qxe5 Nf5 20. Qb2 Re4 21. Qc2 Be6
22. Bb2 Rc4 23. Qd3 Rb4 24. Bc3 Rg4 25. Ne5 1-0

[Event "NATO-ch 22nd"]
[Site "Kaunas"]
[Date "2011.08.09"]
[Round "3.11"]
[White "Rosenkilde, Alexander"]
[Black "Berrak, Sedat"]
[Result "1-0"]
[WhiteElo "2235"]
[BlackElo "2078"]
[PlyCount "100"]
[EventDate "2011.08.??"]
[EventType "swiss"]
[EventRounds "7"]
[EventCountry "LTU"]
[WhiteTeam "DEN"]
[BlackTeam "TUR"]

1. d4 e6 2. c4 Nf6 3. g3 d5 4. Nf3 b6 5. cxd5 Nxd5 6. Bg2 Bb4+ 7. Bd2 Bxd2+ 8.
Qxd2 Bb7 9. O-O Nd7 10. Nc3 Nxc3 11. Qxc3 O-O 12. b4 Rc8 13. Rfd1 Qe7 14. Rac1
Nf6 15. Qb2 Bd5 16. Ne5 Bxg2 17. Kxg2 c5 18. bxc5 bxc5 19. dxc5 Rfd8 20. Rxd8+
Qxd8 21. c6 h5 22. f3 Nd5 23. Qd2 Qd6 24. e4 Qxe5 25. exd5 Qxd5 26. Qxd5 exd5
27. Kf2 Kf8 28. Ke3 Ke7 29. Kd4 Kd6 30. c7 Rxc7 31. Rxc7 Kxc7 32. Kxd5 Kd7 33.
h3 Kc7 34. g4 hxg4 35. hxg4 Kd7 36. f4 Kc7 37. f5 Kd7 38. g5 g6 39. fxg6 fxg6
40. Ke5 Ke7 41. a4 Kf7 42. Kd6 Kf8 43. Ke6 Kg7 44. Ke7 Kg8 45. Kf6 Kh7 46. Kf7
Kh8 47. Kxg6 Kg8 48. a5 Kh8 49. a6 Kg8 50. Kh6 Kf7 1-0

[Event "NATO-ch 22nd"]
[Site "Kaunas"]
[Date "2011.08.09"]
[Round "3.12"]
[White "Mestek, Igor"]
[Black "Picart, Laurent"]
[Result "1/2-1/2"]
[WhiteElo "2195"]
[BlackElo "2094"]
[PlyCount "45"]
[EventDate "2011.08.??"]
[EventType "swiss"]
[EventRounds "7"]
[EventCountry "LTU"]
[WhiteTeam "SLO"]
[BlackTeam "FRA"]

1. e4 c6 2. Nc3 d5 3. Nf3 Bg4 4. h3 Bxf3 5. Qxf3 e6 6. d4 dxe4 7. Nxe4 Qxd4 8.
c3 Qd5 9. Bg5 Nd7 10. Rd1 Qe5 11. Bf4 Qa5 12. Be2 Ngf6 13. O-O Nxe4 14. Qxe4
Nf6 15. Qc4 Be7 16. b4 Qf5 17. g4 Qc2 18. b5 O-O 19. bxc6 bxc6 20. Rd2 Qe4 21.
Rd4 Qc2 22. Bc1 Rad8 23. Rxd8 1/2-1/2

[Event "NATO-ch 22nd"]
[Site "Kaunas"]
[Date "2011.08.09"]
[Round "3.13"]
[White "Harwood, Duncan J"]
[Black "Zengin, Sedat"]
[Result "1-0"]
[WhiteElo "2180"]
[BlackElo "2064"]
[PlyCount "101"]
[EventDate "2011.08.??"]
[EventType "swiss"]
[EventRounds "7"]
[EventCountry "LTU"]
[WhiteTeam "ENG"]
[BlackTeam "TUR"]

1. e4 c5 2. Nf3 Nc6 3. d4 cxd4 4. Nxd4 Nf6 5. Nc3 e5 6. Ndb5 d6 7. Nd5 Nxd5 8.
exd5 Nb8 9. c4 Be7 10. Be2 O-O 11. O-O a6 12. Nc3 f5 13. f4 Nd7 14. Kh1 Bf6 15.
Be3 exf4 16. Bxf4 Be5 17. Bxe5 Nxe5 18. Qd4 Rf6 19. c5 Rh6 20. cxd6 Qxd6 21.
Qf4 Bd7 22. a4 Kh8 23. g3 Rg8 24. Rae1 g5 25. Qd4 Qf6 26. Qe3 f4 27. Qf2 Bh3
28. Ne4 Qf5 29. Nd2 Bxf1 30. Rxf1 Nf7 31. Bf3 fxg3 32. Qxg3 Qf4 33. Qg2 Nd6 34.
Bg4 Qe5 35. Be6 Rgg6 36. Rf8+ Kg7 37. Rg8+ Kf6 38. Qf2+ Nf5 39. Rf8+ Kg7 40.
Rxf5 Rf6 41. Rxf6 Rxf6 42. Qg3 Rf4 43. Nf3 Qf6 44. Nxg5 Rf1+ 45. Kg2 Rb1 46.
Qc7+ Kh6 47. Qxh7+ Kxg5 48. Qxb1 Qd4 49. Qf5+ Kh6 50. Qh3+ Kg5 51. Qg4+ 1-0

[Event "NATO-ch 22nd"]
[Site "Kaunas"]
[Date "2011.08.09"]
[Round "3.14"]
[White "Papista, Akos"]
[Black "Ivsek, Cveto"]
[Result "1-0"]
[WhiteElo "2158"]
[BlackElo "1823"]
[PlyCount "115"]
[EventDate "2011.08.??"]
[EventType "swiss"]
[EventRounds "7"]
[EventCountry "LTU"]
[WhiteTeam "HUN"]
[BlackTeam "SLO"]

1. e4 e6 2. d4 d5 3. Nc3 c6 4. Nge2 Bb4 5. a3 Ba5 6. Ng3 Bb6 7. Be3 Ne7 8. e5
Nd7 9. Na4 Qc7 10. b4 a5 11. c3 Ba7 12. Bd3 b5 13. Nb2 g6 14. Bh6 a4 15. Qe2
Bb7 16. h4 O-O-O 17. Nf1 Nb6 18. g4 Nc4 19. Rh3 Kb8 20. Bb1 Nc8 21. Bg7 Rhg8
22. Bf6 Rde8 23. Nd3 N8b6 24. Nc5 Nd7 25. Nxd7+ Qxd7 26. Ne3 Bb6 27. g5 Nxe3
28. Qxe3 Bd8 29. Rf3 Bxf6 30. Rxf6 Re7 31. Bd3 Qe8 32. O-O-O Rh8 33. h5 Bc8 34.
Rh1 Bd7 35. Qh3 Rf8 36. Qf3 Rh8 37. Qf4 Qf8 38. hxg6 hxg6 39. Rxh8 Qxh8 40.
Rxf7 Qh1+ 41. Kb2 Rxf7 42. Qxf7 Kc7 43. Bxg6 Qg2 44. Qf6 Qg4 45. Bc2 c5 46.
bxc5 b4 47. axb4 Qg1 48. Qe7 a3+ 49. Kxa3 Qa1+ 50. Kb3 Kc8 51. c6 Bxc6 52. Qc5
Kb7 53. b5 Bd7 54. g6 Qa5 55. Qb4 Qc7 56. g7 Bxb5 57. Qxb5+ Ka7 58. Qc5+ 1-0

[Event "NATO-ch 22nd"]
[Site "Kaunas"]
[Date "2011.08.09"]
[Round "3.15"]
[White "Sari, Serdar"]
[Black "Nill, Oliver"]
[Result "1/2-1/2"]
[WhiteElo "2032"]
[BlackElo "2198"]
[PlyCount "141"]
[EventDate "2011.08.??"]
[EventType "swiss"]
[EventRounds "7"]
[EventCountry "LTU"]
[WhiteTeam "TUR"]
[BlackTeam "GER"]

1. d4 g6 2. e4 Bg7 3. Be3 d6 4. Be2 Nf6 5. Nc3 c6 6. a4 O-O 7. g4 e5 8. dxe5
dxe5 9. g5 Qxd1+ 10. Rxd1 Nfd7 11. Nf3 Re8 12. Nd2 Nf8 13. Nc4 Bh3 14. Rg1 Be6
15. Nd6 Re7 16. Bc5 b6 17. Nf5 Rd7 18. Ne7+ Kh8 19. Bd6 f6 20. h4 Bf7 21. Bg4
Be6 22. gxf6 Bxf6 23. Nxg6+ hxg6 24. Bxf8 Bxg4 25. Rxg4 Rxd1+ 26. Nxd1 Kh7 27.
Ne3 Nd7 28. Bd6 Re8 29. Rg1 Re6 30. Ba3 c5 31. b3 Nb8 32. Bc1 Nc6 33. c3 Na5
34. b4 cxb4 35. cxb4 Nb3 36. Kd1 Rd6+ 37. Nd5 Nxc1 38. Kxc1 Bxh4 39. Rh1 g5 40.
b5 Kg6 41. f3 Rd8 42. Kd2 Bf2 43. Rc1 Bc5 44. Rh1 Rf8 45. Rh3 Rd8 46. Kd3 Rf8
47. Kc4 Rf7 48. a5 Rf8 49. axb6 axb6 50. Nc7 Rc8 51. Ne6 Be7+ 52. Kd5 Bf6 53.
Kd6 Rc3 54. Nf8+ Kf7 55. Nd7 Rd3+ 56. Kc6 g4 57. Rh7+ Kg6 58. Nf8+ Kg5 59. fxg4
Bd8 60. Ne6+ Kxg4 61. Nxd8 Rxd8 62. Kxb6 Rd4 63. Kc5 Rxe4 64. b6 Re1 65. b7 Rb1
66. Kd5 Rb5+ 67. Ke4 Kg5 68. Rc7 Kf6 69. Rc6+ Ke7 70. b8=Q Rxb8 71. Kxe5
1/2-1/2

[Event "NATO-ch 22nd"]
[Site "Kaunas"]
[Date "2011.08.09"]
[Round "3.16"]
[White "Tommasini, Enzo"]
[Black "Demjen, Attila"]
[Result "1-0"]
[WhiteElo "2154"]
[BlackElo "2032"]
[PlyCount "93"]
[EventDate "2011.08.??"]
[EventType "swiss"]
[EventRounds "7"]
[EventCountry "LTU"]
[WhiteTeam "ITA"]
[BlackTeam "HUN"]

1. d4 Nf6 2. c4 g6 3. Nc3 Bg7 4. e4 d6 5. f4 O-O 6. Nf3 Nbd7 7. Be2 c5 8. d5 a6
9. O-O Ng4 10. h3 Nh6 11. g4 Kh8 12. Be3 Re8 13. Qd2 Ng8 14. Bd3 Nf8 15. Ng5
Nh6 16. f5 f6 17. Nf3 g5 18. Ne2 Nd7 19. b4 Nf7 20. a4 cxb4 21. Qxb4 Nfe5 22.
Nxe5 Nxe5 23. Bb6 Qd7 24. Nc1 Rg8 25. Be2 h5 26. Kg2 Qe8 27. Nd3 h4 28. Rfc1
Bd7 29. a5 e6 30. Nxe5 fxe5 31. fxe6 Qg6 32. Bd3 Be8 33. Rf1 Rc8 34. Be3 Qh7
35. Rae1 Qg6 36. Rf5 Bh6 37. Qxb7 Ba4 38. Qb4 Be8 39. Qxd6 Qg7 40. Bd2 Bg6 41.
Bc3 Rgd8 42. Qa3 Bxf5 43. exf5 Qb7 44. Bxe5+ Kg8 45. f6 Bg7 46. f7+ Kh8 47. Qa1
1-0

[Event "NATO-ch 22nd"]
[Site "Kaunas"]
[Date "2011.08.09"]
[Round "3.17"]
[White "Dawson, David"]
[Black "Bieluszewski, Piotr"]
[Result "0-1"]
[WhiteElo "2000"]
[BlackElo "2120"]
[PlyCount "63"]
[EventDate "2011.08.??"]
[EventType "swiss"]
[EventRounds "7"]
[EventCountry "LTU"]
[WhiteTeam "ENG"]
[BlackTeam "POL"]

1. e4 c5 2. Nf3 e6 3. d3 Nc6 4. g3 g6 5. Bg2 Bg7 6. O-O Nge7 7. Re1 d6 8. Nc3
O-O 9. Bf4 e5 10. Bg5 f6 11. Bd2 Rb8 12. Ne2 b5 13. c3 b4 14. d4 bxc3 15. bxc3
cxd4 16. cxd4 f5 17. exf5 Bxf5 18. Qa4 Qd7 19. Qa3 e4 20. Ng5 d5 21. Bf4 Rb6
22. Bd6 h6 23. Nxe4 dxe4 24. Bxe4 Rf7 25. Bc5 Rb5 26. Nc3 Ra5 27. Qb3 Nxd4 28.
Bxd4 Qxd4 29. Qb8+ Rf8 30. Qc7 Rc5 31. Qxe7 Rxc3 32. Rad1 0-1

[Event "NATO-ch 22nd"]
[Site "Kaunas"]
[Date "2011.08.09"]
[Round "3.18"]
[White "Chwieseni, Edward"]
[Black "Oltean, Gusztav"]
[Result "0-1"]
[WhiteElo "1960"]
[BlackElo "2118"]
[PlyCount "96"]
[EventDate "2011.08.??"]
[EventType "swiss"]
[EventRounds "7"]
[EventCountry "LTU"]
[WhiteTeam "ENG"]
[BlackTeam "HUN"]

1. e4 c5 2. Nf3 e6 3. Nc3 a6 4. d4 cxd4 5. Nxd4 Qc7 6. f4 d6 7. Qf3 Nf6 8. f5
e5 9. Nb3 b5 10. g3 Bb7 11. Bd3 Nbd7 12. Nd5 Nxd5 13. exd5 Nf6 14. Be4 Nxe4 15.
Qxe4 Qc4 16. Qxc4 bxc4 17. Na5 Bxd5 18. O-O f6 19. g4 Rc8 20. Be3 Be7 21. Rad1
Be4 22. Rf2 h5 23. gxh5 Rxh5 24. Rdf1 d5 25. c3 Rh4 26. Rd1 Rg4+ 27. Kf1 Bd3+
28. Ke1 Re4 29. Kd2 Rxe3 30. Kxe3 Bc5+ 31. Kf3 Be4+ 32. Kg3 Bxf2+ 33. Kxf2 Rb8
34. Rd2 Rb5 35. Nc6 a5 36. Na7 Rc5 37. a4 Bxf5 38. Nb5 Ke7 39. Re2 Kd7 40. Ke1
Rc8 41. h4 Rh8 42. Rd2 Kc6 43. Na7+ Kc5 44. Nb5 Rxh4 45. Nc7 Rh1+ 46. Kf2 Rh2+
47. Ke1 Rxd2 48. Kxd2 Bd7 0-1

[Event "NATO-ch 22nd"]
[Site "Kaunas"]
[Date "2011.08.09"]
[Round "3.19"]
[White "Nielsen, Jan Mose"]
[Black "Lustig, Mickael"]
[Result "1-0"]
[WhiteElo "2116"]
[BlackElo "2019"]
[PlyCount "51"]
[EventDate "2011.08.??"]
[EventType "swiss"]
[EventRounds "7"]
[EventCountry "LTU"]
[WhiteTeam "DEN"]
[BlackTeam "NATO"]

1. d4 Nf6 2. c4 g6 3. Nc3 Bg7 4. e4 d6 5. f3 O-O 6. Be3 c5 7. dxc5 dxc5 8. Qxd8
Rxd8 9. Bxc5 Nc6 10. Nd5 Nxd5 11. cxd5 Bxb2 12. Rb1 Bc3+ 13. Kf2 b6 14. Ba3
Bd4+ 15. Kg3 g5 16. Ne2 Be3 17. h4 Ne5 18. Bxe7 gxh4+ 19. Rxh4 Re8 20. Bd6 Nc4
21. Bf4 Nd2 22. Rd1 Nxf1+ 23. Rxf1 Ba6 24. Bxe3 Bxe2 25. Rfh1 Kf8 26. Rxh7 1-0

[Event "NATO-ch 22nd"]
[Site "Kaunas"]
[Date "2011.08.09"]
[Round "3.20"]
[White "Geroly, Jozsef"]
[Black "Bucholtz, Robert"]
[Result "1/2-1/2"]
[WhiteElo "1978"]
[BlackElo "2112"]
[PlyCount "98"]
[EventDate "2011.08.??"]
[EventType "swiss"]
[EventRounds "7"]
[EventCountry "LTU"]
[WhiteTeam "HUN"]
[BlackTeam "USA"]

1. Nf3 Nf6 2. d4 d5 3. g3 e6 4. Bg2 c5 5. O-O Be7 6. a3 cxd4 7. Nxd4 O-O 8. b4
a5 9. bxa5 Qxa5 10. Nb3 Qa6 11. Qd3 Nbd7 12. Bd2 Ne5 13. Qxa6 Rxa6 14. Bb4 Bxb4
15. axb4 Rxa1 16. Nxa1 Bd7 17. Nd2 Rc8 18. Rc1 Nc6 19. c4 Nxb4 20. Rb1 Ra8 21.
Nab3 Ra2 22. Nc5 Rxd2 23. Nxd7 Nxd7 24. Rxb4 Rd1+ 25. Bf1 dxc4 26. Rxc4 Kf8 27.
Rb4 b6 28. Kg2 Ke7 29. e3 Kd6 30. h4 Kc7 31. f4 Nc5 32. Be2 Ra1 33. Kf3 h5 34.
Bc4 Ra4 35. Rxa4 Nxa4 36. f5 Nc5 37. g4 hxg4+ 38. Kxg4 Kd6 39. fxe6 Nxe6 40.
Kf5 Kc5 41. Bxe6 fxe6+ 42. Kg6 b5 43. Kxg7 b4 44. h5 b3 45. h6 b2 46. h7 b1=Q
47. h8=Q Qb2+ 48. Kh7 Qb1+ 49. Kg8 Qb8+ 1/2-1/2

[Event "NATO-ch 22nd"]
[Site "Kaunas"]
[Date "2011.08.09"]
[Round "3.21"]
[White "Mankauskas, Donatas"]
[Black "Patron, Pascal"]
[Result "1/2-1/2"]
[WhiteElo "1958"]
[BlackElo "1997"]
[PlyCount "79"]
[EventDate "2011.08.??"]
[EventType "swiss"]
[EventRounds "7"]
[EventCountry "LTU"]
[WhiteTeam "LTU"]
[BlackTeam "NATO"]

1. d4 d5 2. Nf3 Nc6 3. Bf4 Nf6 4. e3 Bg4 5. Bd3 e6 6. c3 Be7 7. h3 Bh5 8. Nbd2
Bg6 9. Qc2 Bxd3 10. Qxd3 a6 11. b4 O-O 12. O-O Nh5 13. Bh2 f5 14. Qe2 Nf6 15.
Ne5 Nxe5 16. Bxe5 b6 17. a3 c5 18. dxc5 bxc5 19. Nb3 Nd7 20. Bg3 Qb6 21. Rfd1
Nf6 22. f3 Nh5 23. Bf2 Qc7 24. c4 Rfd8 25. cxd5 cxb4 26. axb4 Rxd5 27. Rxd5
exd5 28. Rxa6 Rc8 29. b5 Qc3 30. Nd4 Qc1+ 31. Kh2 g6 32. Rc6 Bd6+ 33. g3 Rxc6
34. Nxc6 Nf6 35. Kg2 h5 36. h4 Nd7 37. Qa2 Qd1 38. Nd4 Nf6 39. Qa6 Be5 40. Qe6+
1/2-1/2

[Event "NATO-ch 22nd"]
[Site "Kaunas"]
[Date "2011.08.09"]
[Round "3.22"]
[White "Vuitton, Gilles"]
[Black "Krainski, Slawomir"]
[Result "1-0"]
[WhiteElo "2094"]
[BlackElo "2099"]
[PlyCount "133"]
[EventDate "2011.08.??"]
[EventType "swiss"]
[EventRounds "7"]
[EventCountry "LTU"]
[WhiteTeam "FRA"]
[BlackTeam "POL"]

1. c4 e5 2. g3 Nf6 3. Bg2 d5 4. cxd5 Nxd5 5. Nf3 Nc6 6. O-O Nb6 7. b3 Be7 8.
Bb2 Bf6 9. Nc3 Bf5 10. d3 O-O 11. Nd2 Re8 12. Nce4 Be7 13. Rc1 Nd7 14. a3 a5
15. e3 Bf8 16. Qc2 Qe7 17. h3 Rad8 18. Rfd1 Kh8 19. Nb1 f6 20. Nbc3 Nb6 21. Kh2
Rd7 22. Nb5 Red8 23. Qb1 Qf7 24. Bc3 a4 25. bxa4 Nxa4 26. Be1 Be6 27. Nec3 Nc5
28. d4 exd4 29. Bxc6 bxc6 30. Nxd4 Bd5 31. Nxd5 cxd5 32. Qb5 Ne4 33. Nc6 Re8
34. a4 Ng5 35. Qe2 Re4 36. f4 Ne6 37. a5 Ra4 38. Qb5 Ra2+ 39. Rd2 Ra3 40. Bf2
d4 41. exd4 Nd8 42. d5 Nxc6 43. Rxc6 Rd8 44. a6 Qe8 45. Qc4 Bd6 46. Ra2 Rxa2
47. Qxa2 Ra8 48. a7 h5 49. h4 g5 50. fxg5 fxg5 51. Bd4+ Kg8 52. Qd2 Qg6 53.
Qxg5 Qxg5 54. hxg5 h4 55. Rc2 hxg3+ 56. Kg2 Kf7 57. Rb2 c6 58. dxc6 Ke6 59. Rc2
Kd5 60. c7 Bxc7 61. Rxc7 Kxd4 62. g6 Ke5 63. g7 Kf6 64. Rb7 Kf5 65. Rb8 Rxa7
66. g8=Q Ra2+ 67. Qxa2 1-0

[Event "NATO-ch 22nd"]
[Site "Kaunas"]
[Date "2011.08.09"]
[Round "3.23"]
[White "Kruit, Erik"]
[Black "Franck, Boris"]
[Result "1/2-1/2"]
[WhiteElo "1944"]
[BlackElo "2090"]
[PlyCount "99"]
[EventDate "2011.08.??"]
[EventType "swiss"]
[EventRounds "7"]
[EventCountry "LTU"]
[WhiteTeam "NED"]
[BlackTeam "FRA"]

1. e4 g6 2. Nf3 Bg7 3. d4 c6 4. Bd3 d5 5. O-O dxe4 6. Bxe4 Nf6 7. Nc3 Nxe4 8.
Nxe4 Bg4 9. c3 Qd5 10. Re1 O-O 11. h3 Bxf3 12. Qxf3 Nd7 13. Bg5 Rfe8 14. b3 Qa5
15. Re2 h6 16. Bh4 g5 17. Bg3 f5 18. Nd2 f4 19. Bh2 Nb6 20. g3 e5 21. b4 Qa3
22. dxe5 Bxe5 23. Rae1 Qxa2 24. gxf4 Rad8 25. Nf1 Qd5 26. Qxd5+ Nxd5 27. Rxe5
Rxe5 28. fxe5 Nxc3 29. e6 Nd5 30. Rd1 Re8 31. b5 Rxe6 32. bxc6 bxc6 33. Ra1 c5
34. Rxa7 c4 35. Ra8+ Kf7 36. Rc8 c3 37. Rc5 Re1 38. Kg2 Ke6 39. Bg3 Rc1 40. Ne3
Nb4 41. Rc4 Nd3 42. Rc6+ Kf7 43. Rxh6 c2 44. Rc6 Ne1+ 45. Kf1 Rb1 46. Ke2 c1=Q
47. Rxc1 Rxc1 48. Kd2 Rb1 49. Ke2 Rc1 50. Kd2 1/2-1/2

[Event "NATO-ch 22nd"]
[Site "Kaunas"]
[Date "2011.08.09"]
[Round "3.24"]
[White "Wagenaar, Harm Theo"]
[Black "Vinoya, Mario"]
[Result "1-0"]
[WhiteElo "2084"]
[BlackElo "1953"]
[PlyCount "141"]
[EventDate "2011.08.??"]
[EventType "swiss"]
[EventRounds "7"]
[EventCountry "LTU"]
[WhiteTeam "NED"]
[BlackTeam "USA"]

1. d4 e6 2. Nf3 d5 3. e3 Nf6 4. Bd3 h6 5. Nbd2 c5 6. c3 Nc6 7. O-O Bd7 8. Qe2
a6 9. dxc5 Bxc5 10. e4 O-O 11. e5 Nh7 12. Nb3 Bb6 13. Nbd4 f5 14. b3 Bxd4 15.
Nxd4 Ng5 16. Nxc6 Bxc6 17. f3 Qe7 18. Be3 f4 19. Bd4 Nf7 20. Rad1 Qg5 21. Rfe1
h5 22. Bb1 Nh6 23. Kh1 h4 24. Rg1 Be8 25. Qf2 Bh5 26. Rde1 Rac8 27. Bd3 Kf7 28.
Ref1 Rh8 29. Qd2 Bg6 30. Bxg6+ Kxg6 31. Rc1 Nf5 32. h3 Rc6 33. Rge1 Rhc8 34.
Kg1 Kf7 35. Kh1 Ng3+ 36. Kg1 Qf5 37. Bf2 g5 38. Bd4 Kg6 39. Kf2 Qf8 40. Rc2 Nf5
41. Rec1 b5 42. b4 Rc4 43. a3 Qd8 44. Qe2 Qc7 45. Bc5 Kg7 46. Ra2 Nd4 47. cxd4
Rxc1 48. a4 Rc4 49. axb5 axb5 50. Ra7 Qxa7 51. Bxa7 Rc2 52. Qxc2 Rxc2+ 53. Kf1
Kf7 54. Bc5 Ke8 55. Kg1 Kf7 56. Kf1 Kg6 57. Kg1 Kf5 58. Kf1 Ra2 59. Kg1 Ra8 60.
Kf2 Rh8 61. Kg1 Rh7 62. Kf1 g4 63. hxg4+ Kg5 64. Kg1 h3 65. gxh3 Rxh3 66. Be7+
Kg6 67. Kf2 Rh7 68. Bc5 Kg5 69. Kg2 Kh4 70. Bb6 Rb7 71. Bd8+ 1-0

[Event "NATO-ch 22nd"]
[Site "Kaunas"]
[Date "2011.08.09"]
[Round "3.25"]
[White "Maciokas, Kostas"]
[Black "Dekker, Ard"]
[Result "1/2-1/2"]
[WhiteElo "2079"]
[BlackElo "1889"]
[PlyCount "56"]
[EventDate "2011.08.??"]
[EventType "swiss"]
[EventRounds "7"]
[EventCountry "LTU"]
[WhiteTeam "LTU"]
[BlackTeam "NED"]

1. d4 Nf6 2. c4 g6 3. Nc3 d5 4. cxd5 Nxd5 5. e4 Nxc3 6. bxc3 Bg7 7. Bb2 c5 8.
d5 O-O 9. Nf3 Nd7 10. Be2 Nf6 11. Qc2 Qc7 12. c4 Ng4 13. Bxg7 Kxg7 14. Qc3+ f6
15. h3 Ne5 16. Nd2 Nf7 17. Qe3 e5 18. dxe6 Bxe6 19. O-O Rad8 20. Nb3 b6 21. f4
Nd6 22. Rac1 Qf7 23. Nd2 Bc8 24. Bf3 Rfe8 25. Qc3 Qe7 26. Rce1 Nf7 27. Nb3 h6
28. a4 Bb7 1/2-1/2

[Event "NATO-ch 22nd"]
[Site "Kaunas"]
[Date "2011.08.09"]
[Round "3.27"]
[White "Giedraitis, Mingaudas"]
[Black "Maes, Patrick"]
[Result "0-1"]
[WhiteElo "1800"]
[BlackElo "2068"]
[PlyCount "82"]
[EventDate "2011.08.??"]
[EventType "swiss"]
[EventRounds "7"]
[EventCountry "LTU"]
[WhiteTeam "NATO"]
[BlackTeam "BEL"]

1. e4 g6 2. d3 Bg7 3. f4 d6 4. Nf3 c5 5. Be2 Nc6 6. O-O Bg4 7. h3 Bxf3 8. Bxf3
e6 9. c3 Nge7 10. Qb3 Qd7 11. Na3 O-O 12. Be3 Na5 13. Qb5 Nac6 14. Rad1 a6 15.
Qa4 b5 16. Qc2 Rfc8 17. Qf2 Rab8 18. Bg4 f5 19. exf5 gxf5 20. Bf3 b4 21. Nb1 a5
22. d4 cxd4 23. cxd4 a4 24. b3 axb3 25. axb3 d5 26. g4 Na5 27. Rd3 Kh8 28. Re1
Rc7 29. Qe2 Rbc8 30. Bf2 Qb5 31. Re3 Qxe2 32. R3xe2 Nxb3 33. Rxe6 Nxd4 34. Bxd4
Bxd4+ 35. Kf1 Ng6 36. gxf5 Nxf4 37. Re8+ Rxe8 38. Rxe8+ Kg7 39. Bg4 Rc1+ 40.
Re1 Rc2 41. Rd1 Rf2+ 0-1

[Event "NATO-ch 22nd"]
[Site "Kaunas"]
[Date "2011.08.09"]
[Round "3.28"]
[White "Pirs, Matjaz2"]
[Black "Geerts, Luc"]
[Result "0-1"]
[WhiteElo "2066"]
[BlackElo "1515"]
[PlyCount "82"]
[EventDate "2011.08.??"]
[EventType "swiss"]
[EventRounds "7"]
[EventCountry "LTU"]
[WhiteTeam "SLO"]
[BlackTeam "BEL"]

1. e4 e5 2. Nf3 Nc6 3. Bb5 d6 4. d4 exd4 5. Nxd4 Bd7 6. Nc3 Be7 7. Be3 Nf6 8.
h3 a6 9. Nxc6 bxc6 10. Bd3 Be6 11. f4 O-O 12. Qe2 d5 13. e5 d4 14. exf6 Bxf6
15. Ne4 dxe3 16. c3 Bh4+ 17. Kf1 f5 18. Nc5 Bd5 19. Bc4 Re8 20. Rd1 Qd6 21.
Bxd5+ cxd5 22. Nd3 Bg3 23. h4 Bxf4 24. Nxf4 Qxf4+ 25. Kg1 c6 26. Rd4 Qe5 27.
Rh3 f4 28. Rf3 Rf8 29. Ra4 h6 30. Rf1 Rf6 31. Rf3 c5 32. g3 c4 33. gxf4 Rxf4
34. Rxe3 Qf6 35. Qg2 Rf8 36. Qxd5+ Kh7 37. Kg2 Rf2+ 38. Kh3 Rf4 39. Qh5 g6 40.
Qe5 Qxh4+ 41. Kg2 Rf2+ 0-1

[Event "NATO-ch 22nd"]
[Site "Kaunas"]
[Date "2011.08.09"]
[Round "3.30"]
[White "Szczesniak, Andrzej"]
[Black "Troina, Giuseppe"]
[Result "1-0"]
[WhiteElo "2050"]
[BlackElo "1200"]
[PlyCount "51"]
[EventDate "2011.08.??"]
[EventType "swiss"]
[EventRounds "7"]
[EventCountry "LTU"]
[WhiteTeam "POL"]
[BlackTeam "ITA"]

1. c4 e5 2. Nc3 Nc6 3. g3 Bc5 4. Bg2 Nf6 5. e3 d6 6. d3 Ng4 7. h3 Nf6 8. Nge2
a5 9. b3 Bf5 10. a3 Qe7 11. Bb2 O-O 12. O-O e4 13. dxe4 Nxe4 14. Nd5 Qd7 15.
Nef4 f6 16. g4 Bxg4 17. hxg4 Rae8 18. b4 axb4 19. axb4 Nxb4 20. Nxb4 Bxb4 21.
Bxe4 Rxe4 22. Qd5+ Kh8 23. Qxe4 Qxg4+ 24. Qg2 Qh4 25. Qxb7 Bc5 26. Ra8 1-0

[Event "NATO-ch 22nd"]
[Site "Kaunas"]
[Date "2011.08.09"]
[Round "3.31"]
[White "Fissel, Daniel"]
[Black "Pazeriene, Diana"]
[Result "0-1"]
[WhiteElo "1534"]
[BlackElo "2037"]
[PlyCount "84"]
[EventDate "2011.08.??"]
[EventType "swiss"]
[EventRounds "7"]
[EventCountry "LTU"]
[WhiteTeam "USA"]
[BlackTeam "LTU"]

1. e4 c6 2. d4 d5 3. e5 Bf5 4. g4 Bg6 5. h4 h5 6. g5 e6 7. a3 c5 8. c3 Nc6 9.
Bb5 Qb6 10. Bxc6+ Qxc6 11. Nh3 Rc8 12. Be3 Be4 13. O-O Ne7 14. f4 Nf5 15. Bf2
cxd4 16. cxd4 Be7 17. Nc3 g6 18. Qa4 Qxa4 19. Nxa4 O-O 20. Rac1 Rc4 21. Nc5
Rxc1 22. Rxc1 Rc8 23. Nd3 Rc4 24. Rxc4 dxc4 25. Nc1 b5 26. Kf1 Kf8 27. Ng1 c3
28. b4 a5 29. Na2 axb4 30. axb4 c2 31. Ne2 Bd5 32. Nec1 Bxa2 33. Nxa2 Bxb4 34.
Ke2 Ba3 35. Kd2 Bb2 36. d5 c1=Q+ 37. Nxc1 Bxc1+ 38. Kxc1 exd5 39. Kb2 Ke7 40.
Kb3 Ke6 41. Kb4 d4 42. Kxb5 Kd5 0-1

[Event "NATO-ch 22nd"]
[Site "Kaunas"]
[Date "2011.08.09"]
[Round "3.32"]
[White "Lutz, Bernhard"]
[Black "Almonti, Alessandro"]
[Result "1-0"]
[WhiteElo "2318"]
[BlackElo "2022"]
[PlyCount "83"]
[EventDate "2011.08.??"]
[EventType "swiss"]
[EventRounds "7"]
[EventCountry "LTU"]
[WhiteTeam "GER"]
[BlackTeam "ITA"]

1. d4 d6 2. Nf3 g6 3. c4 Bg7 4. Nc3 Nf6 5. e4 O-O 6. Be2 e5 7. Be3 Nbd7 8. O-O
Re8 9. d5 Nh5 10. Re1 Bf6 11. Rc1 Ng7 12. b4 Be7 13. c5 a6 14. cxd6 cxd6 15. a4
f5 16. exf5 gxf5 17. a5 Kh8 18. Na4 Rg8 19. Nb6 Nxb6 20. Bxb6 Qe8 21. Bf1 Qg6
22. Kh1 Nh5 23. Rc2 Bf6 24. Bc7 e4 25. Nd2 Bd7 26. Ra2 Bb5 27. g3 Bxf1 28. Nxf1
Bc3 29. Re3 Be5 30. Qe2 Rac8 31. Rc2 Nf6 32. Qd1 Ng4 33. Ree2 Qh5 34. Kg1 Rg7
35. Bb6 Rcg8 36. Rc7 Rxc7 37. Bxc7 Nxh2 38. Nxh2 Bxg3 39. fxg3 Rxg3+ 40. Kh1
Rh3 41. Qd4+ Kg8 42. Rg2+ 1-0

[Event "NATO-ch 22nd"]
[Site "Kaunas"]
[Date "2011.08.09"]
[Round "3.34"]
[White "Toll, Alec J"]
[Black "Adkins, James D"]
[Result "1-0"]
[WhiteElo "2070"]
[BlackElo "2016"]
[PlyCount "77"]
[EventDate "2011.08.??"]
[EventType "swiss"]
[EventRounds "7"]
[EventCountry "LTU"]
[WhiteTeam "ENG"]
[BlackTeam "USA"]

1. Nf3 Nf6 2. g3 g6 3. Bg2 Bg7 4. O-O O-O 5. d4 d5 6. c3 c6 7. Nbd2 Nbd7 8. Re1
Nh5 9. e4 dxe4 10. Nxe4 f5 11. Qb3+ Kh8 12. Neg5 Qe8 13. Ne6 Nb6 14. Nxf8 Qxf8
15. Ng5 h6 16. Nf7+ Kh7 17. a4 e6 18. Ne5 Nf6 19. a5 Nbd5 20. Bd2 f4 21. Qc2
Qe8 22. c4 fxg3 23. hxg3 Ne7 24. Ra3 Nf5 25. Rd3 Nd7 26. Bc3 Nxe5 27. dxe5 Bf8
28. Red1 Be7 29. Be4 Qf8 30. g4 Ng7 31. Rf3 Qe8 32. Kg2 b6 33. Rh1 h5 34. gxh5
Nf5 35. hxg6+ Kg8 36. Bxf5 exf5 37. Rfh3 Qxg6+ 38. Rg3 Bg5 39. f4 1-0